| 000 | 00471pab a2200181 454500 | ||
|---|---|---|---|
| 008 | 180718b1997 xxu||||| |||| 00| 0 eng d | ||
| 100 | _aArora, Subhash C. | ||
| 245 | _aThe 73rd amendment and panchayati raj: some prerequisites | ||
| 260 | _c1997 | ||
| 300 | _ap.37-40 | ||
| 362 | _aJuly | ||
| 650 | _aConstitution - Amendment - 73rd | ||
| 650 | _aPanchayat - India | ||
| 650 | _aPanchayat | ||
| 700 | _aPrabhakar, R.K. | ||
| 773 | _aKurukshetra | ||
| 909 | _a34666 | ||
| 999 |
_c34666 _d34666 |
||